000 00849nam a22002777a 4500
001 73822
003 BD-RjUL
005 20211209082442.0
008 170612s 1954enka|||| |||| 001 0 eng d
035 _a(BD-RjUL)74040
040 _aBD-RjUL
_beng
_cBD-RjUL
041 _aeng
082 _223
_a530
_bMAB 1954
100 1 _aMartin, S. L.
_9218585
245 1 0 _aBasic physics /
_cBy S. L. Martin and A. K. Connor.
250 _a2nd ed.
260 _aMelbourne :
_bWhitcombe & Tombs,
_c[1954?]
300 _av. :
_bill. ;
_c18 cm.
500 _aIncludes index.
505 _aVol. 1 pt. 1 Mechanics. pt. 2 Heat -- v. 2 pt. 3 Magnetism and electricity -- v. 3 pt. 4 Sound. pt. 5 Light.
650 _aPhysics
_9218586
650 _aSound
_9218587
650 _aLight
_9218588
700 _aConnor, A. K.
_qJoint authors
_9218589
942 _2ddc
_cBK
999 _c73822
_d73822